000 00500nam a2200193 a 4500
001 1773825712772
003 YourLibrary
005 20260318145348.0
008 260318s2006##################000#0#eng##
020 _a9781844072804
082 0 4 _a338.91009
_bEYB
100 1 _aEyben, Rosalind,
_eauthor.
245 1 0 _aRelationships for Aid :
260 _bRoutledge,
_c2006.
300 _a200 pages
650 0 _aBusiness & Economics.
942 _cENGLISH
040 _aYourLibrary
_beng
_cYourLibrary
999 _c617922
_d617922